[Event "15. Offene HH Senioren EM 2008"]
[Site "Hamburg"]
[Date "2008.11.03"]
[Round "8.2"]
[White "Jacoby, Gisbert"]
[Black "Strenzke, Guenter"]
[Result "1-0"]
[WhiteElo "2186"]
[BlackElo "1976"]
[PlyCount "41"]
[EventDate "2008.??.??"]
[WhiteTeam "Koenigsspr.SC.1984 e.V."]
[BlackTeam "SV Großhansdorf"]

1. d4 e6 2. Nf3 Nf6 3. c4 d5 4. cxd5 exd5 5. Nc3 c6 6. Bg5 Be7 7. Qc2 h6 8. Bf4
Be6 9. e3 Qc8 10. Bd3 Nbd7 11. h3 O-O 12. g4 Ne8 13. g5 h5 14. g6 f6 15. Nh4
Bd6 16. Nf5 Bxf5 17. Bxf5 Bxf4 18. exf4 Nd6 19. Be6+ Kh8 20. Qd1 Nf5 21. Bxf5
1-0

[Event "15. Offene HH Senioren EM 2008"]
[Site "Hamburg"]
[Date "2008.11.03"]
[Round "8.3"]
[White "Gette, Viktor"]
[Black "Hawranke, Dietrich"]
[Result "0-1"]
[WhiteElo "1500"]
[BlackElo "2127"]
[PlyCount "86"]
[EventDate "2008.??.??"]
[WhiteTeam "Koenigsspr.SC.1984 e.V."]
[BlackTeam "Pinneberger SC 1932 eV"]

1. d4 Nf6 2. Nf3 c5 3. c3 Qc7 4. g3 g6 5. Bg2 Bg7 6. O-O O-O 7. Bf4 d6 8. Qc1
cxd4 9. cxd4 Qb6 10. Nc3 Bf5 11. b3 Rc8 12. Qd2 Nc6 13. Rac1 Qb4 14. d5 Nd8 15.
Rfe1 Nh5 16. Nb1 Qb5 17. Nd4 Bxd4 18. Qxd4 Rxc1 19. Bxc1 Bxb1 20. Bb2 f6 21.
Rxb1 Qxe2 22. Bf1 Qe5 23. Qc4 Qf5 24. Bd3 Qd7 25. Re1 Ng7 26. Qd4 Nf7 27. f4
Kf8 28. Kg2 a6 29. h3 Nf5 30. Qb6 Rc8 31. g4 Ng7 32. Qd4 b5 33. a4 Qb7 34. axb5
e5 35. fxe5 fxe5 36. Qb4 Qxd5+ 37. Be4 Qxb5 38. Qxb5 axb5 39. Ba3 Ne6 40. Bf3
Rc3 41. Bd1 Nf4+ 42. Kf1 Rxh3 43. Bc1 Rh1+ 0-1

[Event "15. Offene HH Senioren EM 2008"]
[Site "Hamburg"]
[Date "2008.11.03"]
[Round "8.4"]
[White "Diehl, Walter"]
[Black "Gehrke, Rolf"]
[Result "0-1"]
[WhiteElo "1931"]
[BlackElo "2052"]
[PlyCount "70"]
[EventDate "2008.??.??"]
[WhiteTeam "Altonaer SK 1873 eV"]
[BlackTeam "SC Concordia SAbt Palamedes"]

1. e4 c5 2. Nf3 Nc6 3. d4 cxd4 4. Nxd4 g6 5. Be3 Nf6 6. f3 Bg7 7. Qd2 O-O 8.
Nc3 d5 9. Nxc6 bxc6 10. exd5 Nxd5 11. Bd4 e5 12. Bc5 Re8 13. Ne4 Be6 14. Ba6
Qc7 15. O-O Rad8 16. Qf2 Nf4 17. Rfd1 Rxd1+ 18. Rxd1 Qa5 19. Nd6 Rd8 20. Bb7
Bd5 21. Nc8 Bf8 22. Bxf8 Kxf8 23. Qxa7 Qxa7+ 24. Nxa7 Rd7 25. c4 Rxb7 26. cxd5
cxd5 27. Nc6 Rxb2 28. a4 Rxg2+ 29. Kh1 Ra2 30. Nxe5 Rxa4 31. Kg1 Ra2 32. Ng4 h5
33. Nf6 Nh3+ 34. Kf1 Rxh2 35. Nxd5 Rf2+ 0-1

[Event "15. Offene HH Senioren EM 2008"]
[Site "Hamburg"]
[Date "2008.11.03"]
[Round "8.5"]
[White "Schierholz, Guenter"]
[Black "Schulz, Hans Juergen"]
[Result "0-1"]
[WhiteElo "1871"]
[BlackElo "2015"]
[PlyCount "66"]
[EventDate "2008.??.??"]
[WhiteTeam "Koenigsspr.SC.1984 e.V."]
[BlackTeam "Hamburger SK von 1830 eV"]

1. e4 e5 2. Nf3 Nc6 3. Nc3 Nf6 4. d4 exd4 5. Nd5 d6 6. Bg5 Be7 7. Nxe7 Qxe7 8.
Bxf6 Qxf6 9. Bb5 Bd7 10. Qd2 O-O 11. O-O-O Qe6 12. Kb1 Qxe4 13. Bd3 Qd5 14. b3
h6 15. c3 Ne5 16. c4 Qc5 17. Nxd4 Kh8 18. Bc2 Ng6 19. h4 Rfe8 20. f3 Qe5 21. h5
Nf8 22. g4 Qe3 23. Qg2 f6 24. Be4 Qf4 25. Rhe1 Rab8 26. Qc2 Bc6 27. Nxc6 bxc6
28. Bxc6 Re5 29. Re4 Qg3 30. Qe2 Ne6 31. Re1 Nd4 32. Rxe5 fxe5 33. Qe4 Nxc6 0-1

[Event "15. Offene HH Senioren EM 2008"]
[Site "Hamburg"]
[Date "2008.11.03"]
[Round "8.6"]
[White "Soltau, Achim"]
[Black "Ristic, Sreten"]
[Result "1/2-1/2"]
[WhiteElo "1950"]
[BlackElo "1937"]
[PlyCount "143"]
[EventDate "2008.??.??"]
[WhiteTeam "SK Johanneum Eppendorf"]
[BlackTeam "Altonaer SK 1873 eV"]

1. c4 b6 2. e4 Bb7 3. Nc3 d6 4. Nf3 Nd7 5. d4 e5 6. Bd3 Be7 7. O-O h6 8. Bc2
Ngf6 9. dxe5 dxe5 10. Qe2 O-O 11. Rd1 Qc8 12. Nd5 Nxd5 13. exd5 Bd6 14. Nh4 Re8
15. Bxh6 e4 16. Qg4 Bf8 17. Bxg7 Ne5 18. Qxc8 Bxc8 19. Bxf8 Kxf8 20. Bxe4 Nxc4
21. Bf3 Nd6 22. Rac1 Re7 23. g3 a5 24. Ng2 Ba6 25. Nf4 a4 26. b3 a3 27. Rd2
Rae8 28. h4 Kg7 29. Kg2 Kf6 30. g4 Bb5 31. Rdc2 Rc8 32. Nh5+ Kg6 33. Ng3 f6 34.
Be2 Bxe2 35. Nxe2 f5 36. Nf4+ Kf6 37. g5+ Kf7 38. Rc6 Rd7 39. h5 Rg8 40. g6+
Kf6 41. Rxc7 Rxc7 42. Rxc7 Kg5 43. Kf3 Ne4 44. Rc1 Nf6 45. Rg1+ Ng4 46. d6 Kf6
47. Nd5+ Ke6 48. Nxb6 Kxd6 49. Nc4+ Ke6 50. Re1+ Kf6 51. Kg3 Kg5 52. f3 f4+ 53.
Kg2 Nf6 54. Re5+ Kh6 55. Ra5 Nxh5 56. Ne5 Re8 57. Ng4+ Kxg6 58. Rxa3 Re2+ 59.
Kg1 Ng3 60. Ra6+ Kg5 61. Ra5+ Kh4 62. Ra8 Nf5 63. Kf1 Rb2 64. Ne5 Ng3+ 65. Kg1
Nf5 66. Rh8+ Kg3 67. Rg8+ Kh3 68. Rh8+ Nh4 69. Rh7 Rxa2 70. b4 Rb2 71. Kf1 Kg3
72. Rg7+ 1/2-1/2

[Event "15. Offene HH Senioren EM 2008"]
[Site "Hamburg"]
[Date "2008.11.03"]
[Round "8.7"]
[White "Brueckner, Gerhard"]
[Black "Bahr, Peter"]
[Result "1/2-1/2"]
[WhiteElo "1867"]
[BlackElo "2028"]
[PlyCount "109"]
[EventDate "2008.??.??"]
[WhiteTeam "Pinneberger SC 1932 eV"]
[BlackTeam "SF Sasel 1947"]

1. e4 c5 2. d4 cxd4 3. c3 d5 4. e5 dxc3 5. Nxc3 e6 6. Nf3 a6 7. Bd3 Ne7 8. O-O
Ng6 9. h4 Nxh4 10. Qa4+ Nc6 11. Qxh4 Qxh4 12. Nxh4 Nxe5 13. Be2 Be7 14. Nf3 Nc6
15. Re1 O-O 16. Bd1 Bf6 17. Na4 e5 18. Nb6 Rb8 19. Nxc8 Rbxc8 20. Bb3 Rcd8 21.
Bg5 Bxg5 22. Nxg5 h6 23. Nf3 e4 24. Nd2 Rfe8 25. Rad1 Nd4 26. Nf1 Nxb3 27. axb3
g6 28. Rd4 f5 29. Ne3 Kf7 30. Red1 Rd7 31. Rxd5 Rde7 32. Nc4 Kf6 33. Nd6 Rf8
34. Nc4 Kg5 35. Kh2 Rf6 36. g3 b5 37. Ne3 Ree6 38. Rd7 h5 39. Nd5 Rf8 40. Nf4
Rc6 41. R1d6 Rf6 42. Rxf6 Kxf6 43. Kg2 Kg5 44. Rd2 h4 45. Ne2 Kg4 46. gxh4 Kxh4
47. Nd4 Rf6 48. Rd1 Kg5 49. Rf1 Rd6 50. f4+ Kg4 51. Rd1 Rd8 52. Kf2 Rh8 53.
Rg1+ Kxf4 54. Ne2+ Ke5 55. Rxg6 1/2-1/2

[Event "15. Offene HH Senioren EM 2008"]
[Site "Hamburg"]
[Date "2008.11.03"]
[Round "8.8"]
[White "Cassens, Erhard Otto"]
[Black "Weiss, Siegfried"]
[Result "0-1"]
[WhiteElo "1785"]
[BlackElo "2056"]
[PlyCount "80"]
[EventDate "2008.??.??"]
[WhiteTeam "SAbt SV Lurup Hamb. 1923"]
[BlackTeam "Koenigsspr.SC.1984 e.V."]

1. f4 g6 2. Nf3 Bg7 3. d3 c5 4. c3 e6 5. e4 Ne7 6. Be3 b6 7. d4 cxd4 8. Bxd4 f6
9. Bd3 Nbc6 10. O-O Nxd4 11. cxd4 Bb7 12. Nc3 f5 13. Nb5 O-O 14. e5 a6 15. Nd6
Bc6 16. Ne1 Ra7 17. Nc2 Nd5 18. Qd2 b5 19. Nb4 Nxb4 20. Qxb4 g5 21. Qc5 Ra8 22.
d5 Bxd5 23. Nxf5 Rf7 24. Nxg7 Rxg7 25. f5 Rc8 26. Qd4 Kh8 27. f6 Rf7 28. Qe3
Qa5 29. a3 Rg8 30. Be2 Qd8 31. Bh5 Rff8 32. Qc5 Qb8 33. Rae1 Rc8 34. Qf2 Rcf8
35. Qg3 Qb6+ 36. Kh1 Qd4 37. Bf3 Bxf3 38. Qxf3 Qxb2 39. Rf2 g4 40. Qd3 Qxf2 0-1

[Event "15. Offene HH Senioren EM 2008"]
[Site "Hamburg"]
[Date "2008.11.03"]
[Round "8.9"]
[White "Marquardt, Rolf"]
[Black "Hadenfeldt, Klaus"]
[Result "1/2-1/2"]
[WhiteElo "1778"]
[BlackElo "1773"]
[PlyCount "84"]
[EventDate "2008.??.??"]
[WhiteTeam "Langenhorner SF 1928"]
[BlackTeam "Hamburger SK von 1830 eV"]

1. d4 Nf6 2. Bf4 e6 3. e3 d5 4. Nd2 Nbd7 5. Bd3 a6 6. Rc1 Be7 7. h3 O-O 8. Ngf3
b5 9. Ne5 Bb7 10. O-O Rc8 11. Re1 c5 12. c3 Re8 13. Bb1 Nf8 14. Qf3 N6d7 15.
Nxf7 Qb6 16. Ne5 Nf6 17. g4 g6 18. Bh6 N8d7 19. Nxg6 hxg6 20. Bxg6 Rf8 21. g5
e5 22. Qg3 Ne4 23. Bxe4 dxe4 24. Bxf8 Rxf8 25. Qg4 Qc6 26. Nb3 Rf7 27. Na5 Qc7
28. Nxb7 Qxb7 29. h4 Qc6 30. Kf1 Nf8 31. Red1 exd4 32. cxd4 c4 33. d5 Qc5 34.
Qxe4 Bd6 35. g6 Rf6 36. h5 Bg3 37. f4 Qd6 38. Rd4 Qd7 39. Kg2 Bxf4 40. Qf3 Be5
41. Qe4 Bxd4 42. Qxd4 Rf5 1/2-1/2

[Event "15. Offene HH Senioren EM 2008"]
[Site "Hamburg"]
[Date "2008.11.03"]
[Round "8.10"]
[White "Raedisch, Peter"]
[Black "Voss, Werner"]
[Result "1/2-1/2"]
[WhiteElo "1817"]
[BlackElo "1857"]
[PlyCount "102"]
[EventDate "2008.??.??"]
[WhiteTeam "SF Hamburg eV 1934"]
[BlackTeam "SK Caissa Rahlstedt"]

1. e4 c5 2. Nf3 a6 3. c3 b5 4. d4 e6 5. e5 Bb7 6. Be2 Qc7 7. O-O Nc6 8. Be3
Nge7 9. Bd3 Nd5 10. Re1 Nxe3 11. Rxe3 g6 12. Nbd2 Bh6 13. Re1 f5 14. exf6 O-O
15. Ne4 c4 16. Bc2 Nd8 17. Ne5 Bxe4 18. Bxe4 d5 19. Bc2 Bg5 20. f7+ Nxf7 21.
Qg4 Qe7 22. Nxf7 Kxf7 23. Re2 Qf6 24. Rae1 Rae8 25. g3 h5 26. Qh3 Re7 27. f4
Bh6 28. Re5 Ree8 29. Kg2 Rg8 30. R1e2 a5 31. Kh1 a4 32. Qg2 Rgf8 33. Qf2 Rg8
34. b3 axb3 35. axb3 Bf8 36. bxc4 Bd6 37. Rg5 bxc4 38. Kg2 Ra8 39. Qe3 Rae8 40.
Bb1 Ra8 41. Rb2 Rab8 42. Qe2 Qd8 43. Qc2 Rxb2 44. Qxb2 Qb8 45. Qc2 Qb3 {(=)}
46. Qc1 Be7 47. Re5 Rb8 48. Re1 Qb2+ 49. Bc2 Qxc1 50. Rxc1 Rb2 51. Kh1 Ba3
1/2-1/2

[Event "15. Offene HH Senioren EM 2008"]
[Site "Hamburg"]
[Date "2008.11.03"]
[Round "8.11"]
[White "Dangelowski, Peter"]
[Black "Baumann, Siegfried"]
[Result "1-0"]
[WhiteElo "1791"]
[BlackElo "1544"]
[PlyCount "79"]
[EventDate "2008.??.??"]
[WhiteTeam "Pinneberger SC 1932 eV"]
[BlackTeam "SK Caissa Rahlstedt"]

1. d4 Nf6 2. Bf4 d6 3. e3 g6 4. h3 Nbd7 5. Nf3 Bg7 6. Bc4 Nb6 7. Be2 O-O 8. c3
Nfd5 9. Bg3 e6 10. Nbd2 Bd7 11. e4 Ne7 12. O-O d5 13. e5 Rc8 14. Re1 a6 15. Bd3
c5 16. Bf4 c4 17. Bc2 Qe8 18. Qc1 Kh8 19. Nf1 Ng8 20. N1h2 h6 21. h4 f5 22.
exf6 Nxf6 23. Bxh6 Nh5 24. g4 Nf6 25. Ne5 Ng8 26. Nxg6+ Qxg6 27. Bxg6 Bxh6 28.
g5 Bg7 29. Qd1 Bh6 30. gxh6 Rf6 31. h5 Rcf8 32. Ng4 Rf4 33. Qe2 Nf6 34. Nxf6
R8xf6 35. Qe5 Nc8 36. Qg5 e5 37. Bf5 Rf7 38. Bxd7 Nd6 39. Be6 Ne4 40. Rxe4 1-0

[Event "15. Offene HH Senioren EM 2008"]
[Site "Hamburg"]
[Date "2008.11.03"]
[Round "8.12"]
[White "Bobzin, Volker"]
[Black "Stubbe, Werner"]
[Result "1/2-1/2"]
[WhiteElo "1476"]
[BlackElo "1723"]
[PlyCount "90"]
[EventDate "2008.??.??"]
[WhiteTeam "Schachfreunde Hamburg v. 1934 eV"]
[BlackTeam "Niendorfer TSV 1919 SAbt"]

1. d4 d5 2. c4 e5 3. dxe5 d4 4. Nf3 Nc6 5. e3 Bb4+ 6. Bd2 dxe3 7. fxe3 Nh6 8.
Be2 Bc5 9. a3 a5 10. Nc3 Ng4 11. Qc1 O-O 12. Ne4 Be7 13. Bc3 Bf5 14. Ng3 Bd3
15. O-O Bxe2 16. Nxe2 Qd3 17. Nfd4 Qxc4 18. Nxc6 Qxc6 19. Bd4 Qd7 20. h3 Nh6
21. e4 c5 22. Be3 Ra6 23. Qc2 Rg6 24. Kh1 b6 25. Rad1 Qb7 26. Rd5 f5 27. Bxh6
Rxh6 28. Qd3 fxe4 29. Qxe4 Qc6 30. Rfd1 Re6 31. Qd3 b5 32. Rd7 c4 33. Qd5 Qxd5
34. R1xd5 c3 35. bxc3 Bxa3 36. Rxb5 Rfe8 37. Rxa5 Bf8 38. Rad5 h6 39. c4 Rc8
40. Nd4 Ra6 41. e6 Ra1+ 42. Kh2 Re1 43. c5 Bxc5 44. Rd8+ Rxd8 45. Rxd8+ Kh7
1/2-1/2

[Event "15. Offene HH Senioren EM 2008"]
[Site "Hamburg"]
[Date "2008.11.03"]
[Round "8.13"]
[White "Lubisch, Gerwalt"]
[Black "Zippert, Georg"]
[Result "0-1"]
[WhiteElo "1472"]
[BlackElo "1929"]
[PlyCount "72"]
[EventDate "2008.??.??"]
[WhiteTeam "SVG Blankenese"]
[BlackTeam "SF Hamburg eV 1934"]

1. e4 e5 2. f4 Bc5 3. Nf3 d6 4. d4 exd4 5. Nxd4 Nf6 6. Nc3 O-O 7. Be3 Re8 8.
Bd3 Ng4 9. Qe2 Nxe3 10. Qxe3 Qf6 11. Nce2 Nc6 12. c3 Bg4 13. Qg3 Nxd4 14. Nxd4
Bd7 15. Nb3 Bb6 16. O-O-O a5 17. Nd2 a4 18. Bc2 Bc5 19. Nc4 Be6 20. e5 dxe5 21.
fxe5 Qh6+ 22. Nd2 Bxa2 23. Rhf1 Be7 24. Rf4 Bg5 25. Rd4 b5 26. Rd7 Rad8 27. e6
Bxe6 28. Rxd8 Rxd8 29. Qe1 Bg4 30. Kb1 Bxd1 31. Bxd1 Bxd2 32. Qe7 Qd6 33. Qxd6
Rxd6 34. Kc2 c5 35. Be2 b4 36. Bd3 Be3 0-1

[Event "15. Offene HH Senioren EM 2008"]
[Site "Hamburg"]
[Date "2008.11.03"]
[Round "8.14"]
[White "Keuneke, Hanno"]
[Black "Seemann, Hans Siegfried"]
[Result "1/2-1/2"]
[WhiteElo "1694"]
[BlackElo "1779"]
[PlyCount "73"]
[EventDate "2008.??.??"]
[WhiteTeam "Langenhorner SF 1928"]
[BlackTeam "Koenigsspr.SC.1984 e.V."]

1. e4 e5 2. Nf3 Nc6 3. Bb5 a6 4. Ba4 Nf6 5. O-O b5 6. Bb3 Be7 7. d4 exd4 8. e5
Ne4 9. Re1 d5 10. exd6 Nxd6 11. Nxd4 Nxd4 12. Qxd4 O-O 13. Nc3 Bf6 14. Qd3 Bb7
15. Bf4 Bg5 16. Bxd6 cxd6 17. Rad1 Re8 18. Rxe8+ Qxe8 19. Bd5 Bxd5 20. Nxd5 Bd8
21. Ne3 Bf6 22. c3 Rd8 23. Kf1 Be5 24. Re1 Qd7 25. Nd5 Re8 26. f4 Bf6 27. Nxf6+
gxf6 28. Rxe8+ Qxe8 29. Qxd6 Kg7 30. Qxa6 Qe3 31. Qd6 Qc1+ 32. Ke2 Qxb2+ 33.
Qd2 Qa3 34. Kd3 Qa4 35. Qf2 Qc4+ 36. Kd2 Qxa2+ 37. Ke1 1/2-1/2

[Event "15. Offene HH Senioren EM 2008"]
[Site "Hamburg"]
[Date "2008.11.03"]
[Round "8.15"]
[White "Klinkow, Alexander"]
[Black "Peters, Reiner"]
[Result "1-0"]
[WhiteElo "1617"]
[BlackElo "1457"]
[PlyCount "99"]
[EventDate "2008.??.??"]
[WhiteTeam "SF Wedel"]
[BlackTeam "SK Caissa Rahlstedt"]

1. d4 g6 2. c4 Bg7 3. Nc3 c5 4. Nf3 cxd4 5. Nxd4 Nc6 6. e3 d6 7. Be2 a6 8. O-O
Nf6 9. f3 O-O 10. Rb1 Qc7 11. Nd5 Nxd5 12. cxd5 Bxd4 13. dxc6 Bg7 14. cxb7 Bxb7
15. b3 Qb6 16. Kh1 Rfc8 17. e4 e6 18. Bf4 d5 19. exd5 Bxd5 20. Rc1 Bb7 21. Bc4
Rd8 22. Qe2 a5 23. Be3 Bd4 24. Bxd4 Rxd4 25. Rcd1 Rad8 26. Rxd4 Rxd4 27. Qe5
Bd5 28. Bxd5 Rxd5 29. Qb2 Qd8 30. h3 e5 31. Re1 Rd1 32. Qxe5 Qd2 33. Rxd1 Qxd1+
34. Kh2 Qd2 35. a4 Qb4 36. Qe3 h5 37. g3 Qb8 38. h4 Qd6 39. Kh3 Kg7 40. Qc3+
Qf6 41. Qxf6+ Kxf6 42. g4 hxg4+ 43. Kxg4 Kg7 44. f4 f6 45. f5 Kf7 46. fxg6+
Kxg6 47. h5+ Kh6 48. Kf5 Kxh5 49. Kxf6 Kg4 50. Ke5 1-0

[Event "15. Offene HH Senioren EM 2008"]
[Site "Hamburg"]
[Date "2008.11.03"]
[Round "8.16"]
[White "Hermann, Armin"]
[Black "Scheinpflug, Michael"]
[Result "1-0"]
[WhiteElo "1756"]
[BlackElo "1814"]
[PlyCount "29"]
[EventDate "2008.??.??"]
[WhiteTeam "Ahrensburger TSV"]
[BlackTeam "SF Wedel"]

1. Nf3 Nf6 2. d4 d5 3. e3 e6 4. Bd3 Bd6 5. Nbd2 Nbd7 6. c3 O-O 7. O-O Re8 8.
Qe2 c6 9. e4 e5 10. dxe5 Nxe5 11. Nxe5 dxe4 12. Nxe4 Bxe5 13. Nxf6+ Qxf6 14. f4
Bc7 15. Qxe8# 1-0

[Event "15. Offene HH Senioren EM 2008"]
[Site "Hamburg"]
[Date "2008.11.03"]
[Round "8.17"]
[White "Werner, Joern"]
[Black "Warneke, Perygrin"]
[Result "1/2-1/2"]
[WhiteElo "1579"]
[BlackElo "1352"]
[PlyCount "103"]
[EventDate "2008.??.??"]
[WhiteTeam "SK Wilhelmsburg 1936 eV"]
[BlackTeam "SF Sasel 1947"]

1. e4 e6 2. d4 d5 3. e5 c5 4. c3 Nc6 5. Nf3 Qb6 6. Bd3 Bd7 7. Bc2 cxd4 8. cxd4
Nge7 9. O-O Rc8 10. a3 a5 11. Nc3 Ng6 12. Rb1 Be7 13. Be3 O-O 14. h3 Na7 15.
Nh2 Nb5 16. Qd2 Nxc3 17. bxc3 Qa7 18. a4 Rc7 19. Qe1 f5 20. exf6 Rxf6 21. Ng4
Rf8 22. Ne5 Nxe5 23. dxe5 Bc5 24. Bxc5 Qxc5 25. Rc1 Qc4 26. Qd1 g6 27. Kh1 Qf4
28. Qd4 Rc4 29. Qb6 Rxc3 30. Qxa5 Qxe5 31. Rce1 Qc7 32. Qxc7 Rxc7 33. Bb3 Rc3
34. Rb1 Bc6 35. f3 Kg7 36. Rfe1 Kf6 37. Re2 e5 38. Ba2 Rf7 39. Rb6 Ke6 40. Rd2
Rc5 41. Bb3 Kd6 42. Ra2 Rf8 43. Bc2 Ra8 44. Rb4 d4 45. f4 Bd5 46. fxe5+ Kxe5
47. Rab2 Rac8 48. Bb3 Be4 49. Re2 R8c7 50. Rb6 R5c6 51. Rb5+ Rc5 52. Rb6
1/2-1/2

[Event "15. Offene HH Senioren EM 2008"]
[Site "Hamburg"]
[Date "2008.11.03"]
[Round "8.18"]
[White "Zimmermann, Manfred"]
[Black "Funke, Hermann"]
[Result "1-0"]
[WhiteElo "1879"]
[BlackElo "1418"]
[PlyCount "97"]
[EventDate "2008.??.??"]
[WhiteTeam "Pinneberger SC 1932 eV"]
[BlackTeam "SK Johanneum Eppendorf"]

1. e4 e5 2. f4 d5 3. exd5 Qxd5 4. Nc3 Qe6 5. fxe5 Qxe5+ 6. Qe2 Qxe2+ 7. Bxe2
Nf6 8. Nf3 Bd6 9. O-O O-O 10. Ng5 Be6 11. Nxe6 fxe6 12. d3 Bc5+ 13. Kh1 Nbd7
14. Bd2 a6 15. Rae1 Rae8 16. Bf3 c6 17. g3 Nd5 18. Kg2 N7f6 19. a3 e5 20. Be4
Ng4 21. Nxd5 Rxf1 22. Rxf1 cxd5 23. Bxd5+ Kh8 24. Bf3 Nf6 25. b4 Ba7 26. c4 Rd8
27. c5 h6 28. Bc1 Rxd3 29. Bxb7 Rc3 30. Bxa6 Rc2+ 31. Kh3 h5 32. Bd3 Ra2 33. c6
Bb8 34. b5 Bc7 35. Bf5 Ra1 36. Re1 e4 37. Bd2 Rxe1 38. Bxe1 e3 39. Kg2 Kg8 40.
a4 g5 41. a5 Nd5 42. b6 Nxb6 43. axb6 Bxb6 44. Kf3 Kf7 45. Bc3 Ke7 46. Be5 Kd8
47. h3 g4+ 48. hxg4 hxg4+ 49. Bxg4 1-0

[Event "15. Offene HH Senioren EM 2008"]
[Site "Hamburg"]
[Date "2008.11.03"]
[Round "8.19"]
[White "Nendza, Jan"]
[Black "Horstmann, Axel"]
[Result "1/2-1/2"]
[WhiteElo "1467"]
[BlackElo "1581"]
[PlyCount "51"]
[EventDate "2008.??.??"]
[WhiteTeam "SAbt Gehörlosen SPV 04"]
[BlackTeam "Hamburger SK von 1830 eV"]

1. e4 c5 2. Nf3 Nc6 3. Nc3 e5 4. Bc4 d6 5. a3 Be7 6. h3 Nf6 7. d3 O-O 8. Nd5
Nxd5 9. Bxd5 Bd7 10. b3 Rb8 11. Bb2 Qa5+ 12. Qd2 Qxd2+ 13. Kxd2 Bd8 14. Bc3 Ne7
15. b4 Nxd5 16. exd5 cxb4 17. Bxb4 Bc7 18. c4 a5 19. Bc3 Bb6 20. Ke2 Rfe8 21.
Ng5 f5 22. Rhg1 Bd8 23. Nf3 e4 24. Nd2 exd3+ 25. Kxd3 b6 26. f4 1/2-1/2

[Event "15. Offene HH Senioren EM 2008"]
[Site "Hamburg"]
[Date "2008.11.03"]
[Round "8.20"]
[White "Bartlitz, Heinz"]
[Black "Soerens, Meno"]
[Result "1-0"]
[WhiteElo "1841"]
[BlackElo "1479"]
[PlyCount "69"]
[EventDate "2008.??.??"]
[WhiteTeam "Bramfelder SK 1947"]
[BlackTeam "Schachfreunde Hamburg v. 1934 eV"]

1. e4 e5 2. Nf3 Nc6 3. Bb5 a6 4. Ba4 Nf6 5. d3 b5 6. Bb3 Be7 7. c3 O-O 8. Nbd2
d5 9. h3 dxe4 10. dxe4 Bb7 11. Qe2 Kh8 12. Nf1 Nd7 13. Ng3 Nc5 14. Bc2 Bc8 15.
O-O Be6 16. Rd1 Qc8 17. Kh2 h6 18. Be3 Nd7 19. b3 Nf6 20. Ne1 Bd6 21. Nd3 Nh7
22. Bc5 f5 23. Bxd6 cxd6 24. f4 Nf6 25. Rf1 fxe4 26. Nxe4 Nxe4 27. Qxe4 d5 28.
Qg6 Bf5 29. Qg3 exf4 30. Rxf4 Be4 31. Raf1 Rxf4 32. Rxf4 Qe6 33. Nc5 Qe7 34.
Nxe4 dxe4 35. Bxe4 1-0

[Event "15. Offene HH Senioren EM 2008"]
[Site "Hamburg"]
[Date "2008.11.03"]
[Round "8.21"]
[White "Kock, Rudolf"]
[Black "Berking, Bernhard"]
[Result "1/2-1/2"]
[WhiteElo "1474"]
[BlackElo "1526"]
[PlyCount "67"]
[EventDate "2008.??.??"]
[WhiteTeam "SF Hamburg eV 1934"]
[BlackTeam "SVG Blankenese"]

1. f4 d5 2. Nf3 Nc6 3. e3 g6 4. Bb5 Bd7 5. O-O Bg7 6. d4 Nf6 7. a4 a6 8. Bxc6
bxc6 9. Ne5 O-O 10. Nd2 Qe8 11. b4 a5 12. Nxd7 Qxd7 13. c3 axb4 14. cxb4 Qe6
15. Nb3 Ne4 16. Nc5 Nxc5 17. bxc5 Rfb8 18. Rf3 Rb7 19. Bd2 f5 20. a5 Qc8 21.
Qe1 e6 22. h4 h5 23. Qg3 Kh7 24. Rf2 Bf6 25. Kh2 Rb3 26. Rf3 Qa6 27. Qe1 Qb5
28. Kh3 Qa6 29. Qd1 Rab8 30. g3 R3b5 31. Qf1 R8b7 32. Qd3 Rb8 33. Rff1 Kg7 34.
Kg2 1/2-1/2

[Event "15. Offene HH Senioren EM 2008"]
[Site "Hamburg"]
[Date "2008.11.03"]
[Round "8.22"]
[White "Manowski, Werner"]
[Black "Hofmeier, Arthur"]
[Result "0-1"]
[WhiteElo "1403"]
[BlackElo "1420"]
[PlyCount "74"]
[EventDate "2008.??.??"]
[WhiteTeam "Langenhorner SF 1928"]
[BlackTeam "Hamburger SK von 1830 eV"]

1. d4 c5 2. c3 e6 3. Nf3 Nc6 4. Bf4 d5 5. e3 a6 6. a4 h6 7. Nbd2 Nf6 8. Bd3 Be7
9. b3 O-O 10. h4 Nd7 11. g3 f5 12. Ne5 Ndxe5 13. dxe5 b6 14. Nf3 Bb7 15. Qe2
Na5 16. Bc2 Rc8 17. Bxh6 d4 18. O-O-O Qd5 19. Ng5 Bxg5 20. hxg5 Qf3 21. Qd2
Rcd8 22. g6 d3 23. Bg5 Rd5 24. c4 dxc2 25. Qxc2 Rxd1+ 26. Rxd1 Be4 27. Qb2 f4
28. exf4 Bxg6 29. Rd6 Qh1+ 30. Rd1 Qb7 31. Rd6 Qh1+ 32. Rd1 Qb7 33. Kd2 {(=)}
Nc6 34. Kc3 b5 35. axb5 axb5 36. f3 bxc4 37. g4 Qb4# 0-1

[Event "15. Offene HH Senioren EM 2008"]
[Site "Hamburg"]
[Date "2008.11.03"]
[Round "8.23"]
[White "Schleu, Günther"]
[Black "Ramm, Helga"]
[Result "1-0"]
[WhiteElo "1254"]
[BlackElo "919"]
[PlyCount "81"]
[EventDate "2008.??.??"]
[WhiteTeam "Pinneberger SC 1932 eV"]
[BlackTeam "Niendorfer TSV 1919 SAbt"]

1. d4 d5 2. Nf3 Nf6 3. Bf4 Bf5 4. h3 e6 5. Nbd2 Bd6 6. Ne5 Bxe5 7. dxe5 Nh5 8.
Bh2 g6 9. Nf3 Be4 10. e3 O-O 11. Be2 Ng7 12. O-O Nc6 13. a3 a5 14. Qd2 Bxf3 15.
Bxf3 Nxe5 16. Bxe5 f6 17. Bh2 c6 18. Rad1 Qe7 19. Rfe1 Rad8 20. Qxa5 Nf5 21.
Qc3 Nh4 22. Be2 e5 23. Bg3 Nf5 24. Qb3 Nxg3 25. fxg3 e4 26. c4 Qe5 27. Kh2 h5
28. h4 Kg7 29. Qxb7+ Kh6 30. cxd5 g5 31. Rf1 gxh4 32. Rf4 hxg3+ 33. Kh3 Rg8 34.
Qxc6 Rd6 35. Qb5 Rg4 36. Bxg4 hxg4+ 37. Kxg3 Qg5 38. Rh1+ Kg6 39. Qe8+ Kg7 40.
Qh8+ Kg6 41. Qh7# 1-0

[Event "15. Offene HH Senioren EM 2008"]
[Site "Hamburg"]
[Date "2008.11.03"]
[Round "8.24"]
[White "Falk, Rolf"]
[Black "Graffenberger, Marianne"]
[Result "0-1"]
[WhiteElo "1080"]
[BlackElo "1500"]
[PlyCount "106"]
[EventDate "2008.??.??"]
[WhiteTeam "Koenigsspr.SC.1984 e.V."]
[BlackTeam "Hamburger SK von 1830 eV"]

1. d4 d5 2. Nf3 Nf6 3. e3 g6 4. Be2 Bg7 5. c3 O-O 6. Nbd2 Bf5 7. c4 c6 8. b3
Ne4 9. O-O c5 10. Bb2 Nxd2 11. Qxd2 b6 12. Nh4 Be6 13. Bf3 Nc6 14. a3 Rc8 15.
Rac1 Na5 16. Bd1 dxc4 17. b4 Nb3 18. Bxb3 cxb3 19. Rfd1 c4 20. Qe1 b5 21. e4
Bd7 22. Qe3 e6 23. Nf3 a6 24. e5 Bc6 25. Ng5 Qd5 26. f3 h6 27. Ne4 f5 28. exf6
Bxf6 29. Nc5 Bg5 30. Qxe6+ Qxe6 31. Nxe6 Bxc1 32. Rxc1 Rfe8 33. Nf4 g5 34. Nh5
Kf7 35. Kf2 Bd5 36. Ng3 Kg6 37. Ne2 Rc7 38. Re1 Rf8 39. Ng3 h5 40. Ne4 g4 41.
Re3 Re7 42. Nd2 Rxe3 43. Kxe3 Re8+ 44. Ne4 Kf5 45. Kf2 Bxe4 46. fxe4+ Kxe4 47.
Ke2 h4 48. Bc3 Kd5+ 49. Kd2 Ke4 50. Ke2 Kf4+ 51. Kf2 Re3 52. Bd2 b2 53. Bxe3+
Ke4 0-1

[Event "15. Offene HH Senioren EM 2008"]
[Site "Hamburg"]
[Date "2008.11.04"]
[Round "9.1"]
[White "Putzbach, Gerd"]
[Black "Hawranke, Dietrich"]
[Result "0-1"]
[WhiteElo "2297"]
[BlackElo "2127"]
[PlyCount "74"]
[EventDate "2008.??.??"]
[WhiteTeam "Niendorfer TSV 1919 SAbt"]
[BlackTeam "Pinneberger SC 1932 eV"]

1. e4 c5 2. Nf3 Nc6 3. d4 cxd4 4. Nxd4 g6 5. Nb3 Nf6 6. Nc3 Bg7 7. Be2 d6 8.
O-O O-O 9. Bg5 a5 10. a4 Nb4 11. Rb1 Bd7 12. Nd4 Bc6 13. Nxc6 bxc6 14. f4 d5
15. exd5 Nbxd5 16. Nxd5 cxd5 17. Bf3 Qb6+ 18. Kh1 Rad8 19. Qe2 e6 20. c4 dxc4
21. Qe5 Qd4 22. Qxa5 Rb8 23. Rfd1 Qe3 24. Qc7 Ne4 25. Bxe4 Qxe4 26. b4 cxb3 27.
a5 Rbc8 28. Qb6 Rc2 29. Qg1 b2 30. a6 Ra8 31. a7 h6 32. Re1 Qb7 33. Bh4 Rxa7
34. Bf2 Ra1 35. h3 Rxb1 36. Rxb1 Qe4 37. Bg3 Rxg2 0-1